00445nam a2200157Ia 4500008004100000040001900041041001200060082002800072100001700100245005700117260003000174300001900204650002000223651002300243850002100266131103s9999 xx 000 0 und d aLoreto College aEnglish a823.91/BONbLCBED/12981 aBond, Ruskin 4aThe lamp is litb leaves fpm a journal cRuskin Bond aNew DelhibPenguinec1991 a200p. c 18cm. aEnglish Fiction aEnglish literature aLCBED/823.91/BON